LDR 00712naa#a2200169#i#450# 001 RU\\bibl\118252 005 20260515013154.5 011 ## _a1729-9187 100 ## _a20260330b2026####ek#y0rusy0150####ca 102 ## _aRU 200 1# _aЛингвостилистические характеристики юридических документных текстов _eЖурнальная статья 210 1# _aУфа _cУфимский юридический институт МВД России _d2026 215 ## _a9 с. 608 ## _aЖурнальная статья _2local 675 ## _aДругие методы. 81-139 _z 700 #1 _aПетрова _gЕлена Александровна 856 4# _aobshtestvo-uyi.editorum.ru _u